000 00462nam a2200181 i 4500
001 185890
003 21974
010 _a5-253-00134-4
090 _a185890
100 _a20130822d9999 u||y0 y50 zz
105 _a 000yy
106 _ay
200 _aСказки русских читателей
210 _d1990
_aМ.
_cПравда
215 _a480 с.
__480
_cилюстрации
675 _a82-93
942 _2udc
_cBOOK
_j82-93
_z21974
999 _c21974
_d21974